000 00711nam a22002175i 4500
001 102843
003 ES-MaACL
005 20230906183210.0
007 t|
008 950926s1894 sp ||||1| spa d
040 _aCAM
_bspa
_cCAM
100 1 _aEspina y Capo, Antonio,
_d1850-1930
_947840
245 1 3 _aLa velocipedia en los enfermos del corazón /
_cpor Antonio Espina y Capo.
260 _aMadrid :
_b[s.n.],
_c1894 (
_fAdministración de la Revista de Medicina y Cirugía Prácticas)
300 _a24 p. ;
_c18 cm.
650 4 _aCiclismo.
_9151744
650 4 _aCorazón-
_xEnfermedades.
_9144728
650 4 _aVelocípedos.
_9170619
852 _aES-MaACL
_jT-882-F-7
999 _c102843
_d102843